000
00351cam a2200145 4500
001
L135313
008
061013n2005 000 0 eng u
020
_a
0750665440
035
_a
(Sirsi) u135313
100
_a
Smith, Peter
245
_a
Archiecture in a climate of change
260
_a
Architectural Press
_c
2005
350
_a
19.99
942
_n
0
999
_c
105998
_d
105998